LEADER 01345nam a2200325 a 4500 001 000000129205 003 CaOOAMICUS 005 20120606130209.0 008 120606s2002 it u000 u ita r 020 $a88-359-5128-3 040 $aPUL$bita 082 04$a909.04 100 1 $aTaradel, Ruggero.$0(OLS)http://pul/name/82699 245 12$aL'accusa del sangue :$bstoria politica di un mito antisemita /$cRuggero Taradel. 260 $aRoma :$bEditori Riuniti,$c2002. 300 $a399 p. ;$c21 cm 490 1 $aBiblioteca di storia 500 $aInclude indice. 504 $aBibliografia in nota. 650 4$aCristianesimo e antisemitismo.$0(OLS)http://pul/subject/23338 650 4$aAntisemitismo.$0(OLS)http://pul/subject/17285 830 0$aBiblioteca di storia (Editori Riuniti).$0(OLS)http://pul/title/19861 850 $aPUL 852 $aPUL$W1$xSL Cons. Gen., Altre Classi 3$y75$m909. 04 TARRU 1$j149613$qDDC 21$B148137$CPULBib$Z2$F148137 $H120012 $82 941 1 $a9 996 $6020$a88-359-5128-3$9(OLS)http://pul/number/149931 996 $6082$a909.04$9(OLS)http://pul/classification/2076 996 $6245$aL'accusa del sangue :$bstoria politica di un mito antisemita$9(OLS)http://pul/title/163276 996 $6260$aRoma :$bEditori Riuniti$9(OLS)http://pul/publisher/54152 LEADER 01812nam a2200349 a 4500 001 000000144558 003 CaOOAMICUS 005 20150703100341.0 008 150703m19309999sp u000 u spa r 040 $aPUL$bita 100 0 $aTheresia a Iesu,$cs.,$d1515-1582.$0(OLS)http://pul/name/20923 245 10$aCamino de perfeccion :$breproduccion fidelisima del autografo de el Escorial con las variantes del autografo vallisoletano /$cSanta teresa de Jesus. 260 $aMadrid :$bEdiciones de La lectura,$c1930- 300 $av. ;$c19 cm. 490 1 $aClasicos castellanos ;$v100 504 $aInclude riferimenti bibliografici. 505 0 $aV. 2. Sobre la oracion evangelical del Pater Noster ; seguido de la relacion de la Fundacion del convento de San Jose de Avila / por el presbitero José Maria Aguado. 600 04$aTheresia a Iesu,$cs.,$d1515-1582.$0(OLS)http://pul/subject/17025 700 1 $aAguado, José Maria.$0(OLS)http://pul/name/92706 830 0$aClasicos castellanos ;$v100.$0(OLS)http://pul/title/182876 850 $aPUL 852 $aPUL$W1$xDP1 Religione 1$y20$m639 F 45$j166849$av. 2$qStampati$B167439$CPULBib$Z2$F167439 $H74687 $82 900 $aTeresa d'Avila,$bs.,$d1515-1582.$920923 900 $aTeresa di Gesù,$cs.,$d1515-1582.$920923 900 $aTeresia a Iesu,$cs.,$d1515-1582$920923 941 1 $a8 960 $aTeresa di Gesù,$cs.,$d1515-1582$917025 960 $aTeresa d'Avila,$cs.,$d1515-1582$917025 960 $aTeresia a Iesu,$cs.,$d1515-1582$917025 996 $6245$aCamino de perfeccion :$breproduccion fidelisima del autografo de el Escorial con las variantes del autografo vallisoletano$9(OLS)http://pul/title/182878 996 $6260$aMadrid :$bEdiciones de La lectura$9(OLS)http://pul/publisher/83545